| 000 | 02062nam0a2200421 4500 | ||
|---|---|---|---|
| 001 | RU\NLR\bibl\1723026 | ||
| 005 | 20250616072910.0 | ||
| 010 |
_a978-5-94578-022-4 _9100 |
||
| 021 |
_aRU _b2010-98697 _96658 |
||
| 035 | _a(nilc)RSL-KNO-004863284 | ||
| 035 | _a(NLR Aleph) 001714008 | ||
| 090 |
_a1297924 _c1297924 |
||
| 100 | _a20101213d2010 |||y0rusy50 ca | ||
| 101 | 0 | _arus | |
| 102 | _aRU | ||
| 105 | _aa ||||||||| | ||
| 200 | 1 |
_aСодержание и направленность физкультурно-оздоровительных занятий с использованием средств мини-футбола с женщинами 30-40 лет _eмонография _fИ. М. Силованова, И. А. Грец |
|
| 210 |
_aСмоленск _cСмоленская гос. акад. физ. культуры, спорта и туризма _d2010 |
||
| 215 |
_a129 с. _cил., табл. _d20 |
||
| 300 | _aНа 4-й с. обл. авт.: И.А. Грец - к.п.н., доц., И.М. Силованова - к.п.н., преп. | ||
| 320 | _aБиблиогр.: с. 74-94 (202 назв.) | ||
| 606 | 1 |
_aФизическая культура и спорт для женщин _91313276 _3RU\NLR\auth\66228535 |
|
| 606 | 1 |
_aМини-футбол _xТренировка женщин _92621694 _3RU\NLR\auth\661558254 |
|
| 606 | 1 |
_aЖенщины _xЗдоровье _xВлияние физической культуры и спорта _92621740 _3RU\NLR\auth\661558300 |
|
| 610 | 0 | _aлюбительский женский мини-футбол | |
| 686 |
_aЧ515.785мини-футбол146.6,0 _2rubbk |
||
| 686 | _aЧ510.46 | ||
| 686 | _aЧ511.1,6(2)46 | ||
| 686 | _aЧ515.785.152.6 | ||
| 686 | _aР120.4 | ||
| 700 | 1 |
_aСилованова _bИ. М. _gИрина Михайловна _4070 |
|
| 701 | 1 |
_aГрец _bИ. А. _gИрина Антоновна _4070 |
|
| 801 | 0 |
_aRU _bRuMoRKP _c20101213 _grcr |
|
| 801 | 1 |
_aRU _bRuMoRGB _c20101213 |
|
| 801 | 2 |
_aRU _bNLR _c20110115 _grcr |
|
| 942 | _cBOOK | ||
| 980 | _aNB | ||